00593nam a2200145Ia 4500008004100000050002100041100002400062245009000086260008600176300002800262521002700290942000700317999001900324952010400343140724s9999 xx 000 0 und d aTP 1b.L961 2013 aLuna, Mark Edwin A. aEnrollment system for creative minds Christian Learning School /cLuna, Mark Edwin A. aLas Piñas, Philippines :bSouthville International School and Colleges,cc2013. a96 p. :bill. ;c28 cm. aInformation Technology cTH c229120d229120 001040aCLbCLcTHESESd2014-07-24l0oTP 1 .L961 2013pT0474r2018-05-15 00:00:00w2014-07-24yTH